Teoría electromagnética

Bibliographic Details
Main Author: Hayt, William H.
Format: Section = Libro
Language:Undetermined
Spanish
Published: México McGraw-Hill 2006
Edition:7a.ed.
Subjects:
LEADER 00590nam a2200229Ia 4500
008 240829s9999 xx 000 0 und d
020 |a 970-10-5620-5 
040 |a BIBLIOTECA-RUSB/ 530.141 H426 
041 |a spa 
082 |a 530.141 H426 
100 1 |a Hayt, William H. 
245 1 0 |a Teoría electromagnética 
250 |a 7a.ed. 
260 |a México  |b McGraw-Hill  |c 2006 
300 |a 525 p. :il. 
650 7 |a TEORIA ELECTROMAGNETICA 
650 7 |b  ANALISIS VECTORIAL 
650 7 |c  CAPACITANCIA 
650 7 |d  ONDAS ELECTROMAGNETICAS 
942 |c BK  |2 ddc 
991 |a TEXTO 
999 |c 2055